[Event "Ptuj zt (Women)"]
[Site "Ptuj"]
[Date "1995.??.??"]
[Round "3"]
[White "Fauland Borek, Jutta"]
[Black "Koglin, Anke"]
[Result "0-1"]
[WhiteElo "2110"]
[BlackElo "2225"]

1.c4 Nf6 2.g3 e6 3.Bg2 d5 4.d4 Be7 5.Nf3 O-O 6.O-O dxc4 7.Qc2 a6 8.Qxc4 b5
9.Qc2 Bb7 10.Nbd2 Nbd7 11.e4 c5 12.e5 Nd5 13.Ne4 cxd4 14.Neg5 g6 15.Qe4 Nc5
16.Qh4 h5 17.g4 Ne3 18.gxh5 Nxg2 19.Qh3 Bxg5 20.hxg6 fxg6 21.Nxg5 Qe7 22.b4 Nd7
23.Qxe6+ Qxe6 24.Nxe6 Nxe5 25.Nxd4 Nf4 26.f3 Ned3 27.Bxf4 Rxf4 28.Nc2 Nxb4
29.Nxb4 Rxb4 30.Rac1 Rf4 31.Rc7 Rf7  0-1

[Event "Ptuj"]
[Site "Ptuj"]
[Date "1995.??.??"]
[Round "4"]
[White "Hulak, Krunoslav"]
[Black "Brglez, Rado"]
[Result "1-0"]
[WhiteElo "2545"]
[BlackElo "2275"]

1.d4 Nf6 2.c4 e6 3.g3 d5 4.Bg2 Be7 5.Nf3 O-O 6.O-O dxc4 7.Qc2 a6 8.a4 Bd7
9.Qxc4 Bc6 10.Bf4 a5 11.Nc3 Na6 12.Rfd1 Bb4 13.Qd3 h6 14.Qc2 Qe7 15.h3 Bd6
16.Bd2 Nb4 17.Qb1 Nbd5 18.Nb5 Nb4 19.Nc3 Nbd5 20.Ne5 Nxc3 21.bxc3 Bxg2 22.Kxg2 Rab8
23.Qb5 Bxe5 24.dxe5 Ne4 25.Qxa5 Nxd2 26.Rxd2 Rbd8 27.Rad1 Rxd2 28.Rxd2 Rd8
29.Rxd8+ Qxd8 30.Qb5 b6 31.Qc6 Qe7 32.h4 Qd8 33.c4 Qe7 34.c5 Qd8 35.h5 Qb8
36.Kh2 Kf8 37.Qd7 Kg8 38.Qe7 Qc8 39.c6 Qb8 40.g4 Qc8 41.Kg3 Qb8 42.f3 Qc8
43.Kh4 Qb8 44.Qd7 Kf8 45.f4 Kg8 46.g5 hxg5+ 47.fxg5 Qa8 48.g6 Qxa4+ 49.Kg3  1-0

[Event "Ptuj zt (Women)"]
[Site "Ptuj"]
[Date "1995.??.??"]
[Round "7"]
[White "Kachiani Gersinska, Ketino"]
[Black "Koglin, Anke"]
[Result "0-1"]
[WhiteElo "2380"]
[BlackElo "2225"]

1.d4 d5 2.c4 e6 3.Nf3 Nf6 4.g3 Be7 5.Bg2 O-O 6.O-O dxc4 7.Qc2 a6 8.a4 Bd7
9.Qxc4 Bc6 10.Bf4 Nbd7 11.Nc3 Nb6 12.Qb3 Nbd5 13.Bg5 h6 14.Bxf6 Bxf6 15.a5 Nxc3
16.bxc3 b5 17.axb6 cxb6 18.Rfb1 Be4 19.Rc1 b5 20.Nd2 Bxg2 21.Kxg2 Qb6 22.e3 Rfb8
23.f4 a5 24.Kf2 Be7 25.Rcb1 a4 26.Qc2 Qc6 27.Qd3 Bf8 28.h4 Rb6 29.g4 Rc8
30.Rc1 b4 31.c4 b3 32.Rcb1 Rb4 33.g5 hxg5 34.hxg5 g6 35.Rb2 Rcb8 36.c5 Qd5
37.Qe4 Qd7 38.c6 Qd5 39.Qxd5 exd5 40.Nb1 Rc4 41.Nd2 Rxc6 42.Rxa4 Rc2 43.Rxc2 bxc2
44.Ra1 Ba3  0-1

[Event "San Martin"]
[Site "San Martin"]
[Date "1995.??.??"]
[Round "10"]
[White "Ricardi, Pablo"]
[Black "Nogueiras, Jesus"]
[Result "1/2-1/2"]
[WhiteElo "2530"]
[BlackElo "2550"]

1.d4 d5 2.c4 e6 3.Nf3 Nf6 4.g3 Be7 5.Bg2 O-O 6.O-O Nbd7 7.Qc2 c6 8.Nbd2 b6
9.b3 Bb7 10.Bb2 c5 11.Rad1 Qc8 12.cxd5 Nxd5 13.Qb1 Rd8 14.Rc1 Qb8 15.dxc5 Bxc5
16.Nc4 N5f6 17.Nce5 a5 18.Qa1 Bf8 19.Nc6 Bxc6 20.Rxc6 a4 21.Qb1 axb3 22.axb3 Ra5
23.Rcc1 Rc5 24.Rcd1 Qc8 25.Nd4 Qa6 26.b4 Rc4 27.Nc6 Rc8 28.Qd3 b5 29.Ra1 Qb6
30.Bd4 Qc7 31.Ra7 Qd6 32.Bxf6 Nxf6  1/2-1/2

[Event "San Martin"]
[Site "San Martin"]
[Date "1995.??.??"]
[Round "12"]
[White "Sorokin, Maxim"]
[Black "Nogueiras, Jesus"]
[Result "1-0"]
[WhiteElo "2535"]
[BlackElo "2550"]

1.d4 d5 2.c4 e6 3.Nf3 Nf6 4.g3 Be7 5.Bg2 O-O 6.O-O c6 7.Qc2 b6 8.b3 Bb7 9.Rd1 Nbd7
10.Nc3 Ba6 11.Nd2 b5 12.e4 dxc4 13.bxc4 bxc4 14.Na4 c5 15.d5 exd5 16.exd5 Ng4
17.Ne4 f5 18.d6 fxe4 19.dxe7 Qxe7 20.Qxe4 Qxe4 21.Bxe4 Nxf2 22.Bxa8 Nxd1
23.Bc6 Nb6 24.Nxc5 Rc8 25.Bf3 Rxc5 26.Bxd1 Re5 27.Bd2 Bb7 28.Rc1 Bd5 29.Rc3 Re7
30.Kf2 Rf7+ 31.Ke1 Re7+ 32.Re3 Rxe3+ 33.Bxe3 Kf7 34.a4 Nc8 35.Kd2 Ke7 36.Kc3 Kd6
37.Bg4 Kc7 38.Bf4+ Kb7 39.Kd4 Bc6 40.a5 Bb5 41.Kc5 a6 42.Bf3+ Ka7 43.Be5 g6
44.g4 Be8 45.Kxc4 h5 46.gxh5 gxh5 47.Kc5 Ne7 48.Kd6 Nf5+ 49.Kc7 h4 50.Bc3  1-0

[Event "CRO-ch"]
[Site "Slavonski Brod"]
[Date "1995.??.??"]
[Round "?"]
[White "Dizdar, Goran"]
[Black "Zelcic, Robert"]
[Result "1-0"]
[WhiteElo "2510"]
[BlackElo "2500"]

1.Nf3 d5 2.d4 e6 3.g3 Nf6 4.c4 Be7 5.Bg2 O-O 6.O-O dxc4 7.Qc2 a6 8.a4 Nc6
9.Qxc4 Nb4 10.Nc3 b5 11.Qb3 bxa4 12.Nxa4 Rb8 13.Bg5 Bb7 14.Rfc1 Bd5 15.Qd1 Na2
16.Rcb1 Rb4 17.Nc3 Nxc3 18.bxc3 Rxb1 19.Qxb1 Qa8 20.Ne1 Rb8 21.Qc2 Bxg2 22.Nxg2 c5
23.Ne1 cxd4 24.cxd4 h6 25.Bf4 Rb5 26.Qc4 Qb7 27.Nd3 g5 28.Bd2 Ne4 29.Be1 g4
30.Rc1 Kg7 31.Qc6 Qxc6 32.Rxc6 a5 33.Rc4 Rb1 34.Kg2 Ra1 35.d5 exd5 36.Rd4 a4
37.Rxd5 a3 38.Ra5 a2 39.f3 Rxe1 40.Nxe1 Nc3 41.Nd3 Bf6 42.fxg4 Na4 43.Rxa4 a1=Q
44.Rxa1 Bxa1 45.Kf3 Bc3 46.Ke4 Kf6 47.Kd5 Ba5 48.Ne5 Bc7 49.Nf3 Kg6 50.e4 Bb8
51.e5 Ba7 52.Ke4 Bf2 53.Kf4 Ba7 54.Nh4+ Kg7 55.Kf5 Bg1 56.Nf3 Bf2 57.g5 h5
58.g6 fxg6+ 59.Ke6 g5 60.Nxg5 Kg6 61.Nf3  1-0

[Event "St Petersburg op"]
[Site "St Petersburg"]
[Date "1995.??.??"]
[Round "8"]
[White "Zilberstein, Valery I"]
[Black "Sirotkina, Nina"]
[Result "1-0"]
[WhiteElo "2290"]
[BlackElo "2200"]

1.d4 d5 2.c4 e6 3.Nf3 Nf6 4.g3 Be7 5.Bg2 O-O 6.O-O dxc4 7.Qc2 c5 8.dxc5 Bxc5
9.Qxc4 Qe7 10.Nc3 h6 11.Bf4 Nc6 12.Ne5 Nxe5 13.Bxe5 Nd7 14.Bd4 Bxd4 15.Qxd4 Nf6
16.Rfd1 e5 17.Qe3 Bg4 18.h3 Bh5 19.Nd5 Nxd5 20.Rxd5 Rfe8 21.Rb5 Rab8 22.g4 a6
23.Rb6 Bg6 24.Qb3 a5 25.Rd1 e4 26.Rxg6 a4 27.Qd5 Rbd8 28.Rd6  1-0

[Event "Stockholm"]
[Site "Stockholm"]
[Date "1995.??.??"]
[Round "2"]
[White "Bator, Robert"]
[Black "Ornstein, Axel"]
[Result "1/2-1/2"]
[WhiteElo "2425"]
[BlackElo "2450"]

1.d4 Nf6 2.Nf3 d5 3.c4 e6 4.g3 Be7 5.Bg2 O-O 6.O-O c6 7.Qc2 b6 8.Nbd2 Bb7
9.e4 Na6 10.a3 dxc4 11.Nxc4 b5 12.Ncd2 c5 13.e5 Nd5 14.Ne4 Rc8 15.Bg5 cxd4
16.Qd3 Nc5 17.Nxc5 Rxc5 18.Qxd4 Rc7 19.Bxe7 Nxe7 20.Rfd1 Qa8 21.Qd3 Ng6 22.Qe3 Rfc8
23.Ne1 Bxg2 24.Nxg2 Rc5 25.f4 Ne7 26.Rac1 Rxc1 27.Rxc1 Nd5 28.Rxc8+ Qxc8
29.Qd4 Qc1+ 30.Kf2 a5 31.Ne1 g5 32.f5 h5 33.h3 Kg7 34.f6+ Kh6 35.Nf3 Qc2+
36.Kf1 Qf5 37.Kg2 Qc2+ 38.Kf1 Qc4+ 39.Kf2 Qc2+  1/2-1/2

[Event "Stockholm-B"]
[Site "Stockholm"]
[Date "1995.??.??"]
[Round "3"]
[White "Krivonosov, Oleg"]
[Black "Hedman, Erik"]
[Result "1-0"]
[WhiteElo "2415"]
[BlackElo "2280"]

1.Nf3 Nf6 2.c4 e6 3.g3 d5 4.d4 Be7 5.Bg2 O-O 6.O-O dxc4 7.Qc2 Bd7 8.Qxc4 b5
9.Qc2 Na6 10.Ne5 Nd5 11.Nc3 c6 12.e4 Nb6 13.Bf4 Be8 14.Rad1 f6 15.Nf3 Bh5
16.h3 Qe8 17.g4 Bf7 18.Rfe1 Rc8 19.Bg3 b4 20.Na4 c5 21.Nxb6 axb6 22.d5 exd5
23.exd5 Qd7 24.Qe2  1-0

[Event "Stockholm-B"]
[Site "Stockholm"]
[Date "1995.??.??"]
[Round "9"]
[White "Sammalvuo, Tapani"]
[Black "Chernuschevich, Alexei"]
[Result "0-1"]
[WhiteElo "2390"]
[BlackElo "2380"]

1.Nf3 Nf6 2.c4 e6 3.g3 d5 4.d4 Be7 5.Bg2 O-O 6.O-O Nbd7 7.Qc2 c6 8.b3 b6
9.Bb2 Bb7 10.Nbd2 Rc8 11.e4 Qc7 12.Rac1 Qb8 13.Rfe1 Rfd8 14.Qb1 h6 15.Qa1 Bf8
16.Rcd1 Qa8 17.e5 Ne8 18.cxd5 cxd5 19.Bf1 a5 20.a4 Ba6 21.Ba3 Bxf1 22.Bxf8 Nxf8
23.Rxf1 Rc2 24.Nb1 Rdc8 25.Ne1 R2c6 26.Nd3 Qa6 27.Na3 Qb7 28.Nb5 Ng6 29.h4 Ne7
30.Nf4 Nf5 31.h5 Qe7 32.Qb1 Qg5 33.Rd3 Rc2 34.Qd1 R8c6 35.Rd2 Rxd2 36.Qxd2 Qd8
37.Qd3 Qd7 38.Ng2 Rc8 39.g4 Ne7 40.f4 Nc6 41.Ne3 Na7 42.Nc3 f6 43.Rf3 Nc6
44.Ng2 Qe7 45.Ne2 Nb4 46.Qe3 Rc2 47.f5 Nc6 48.Nef4 fxe5 49.dxe5 Qg5 50.Nxe6 Qxg4
51.Rg3 Qd1+ 52.Ne1 Re2  0-1

[Event "SVK-chT"]
[Site "?"]
[Date "1995.??.??"]
[Round "?"]
[White "Konopka, Michal"]
[Black "Harasta, Vladimir"]
[Result "1-0"]
[WhiteElo "2395"]
[BlackElo "2240"]

1.d4 d5 2.Nf3 Nf6 3.c4 e6 4.g3 Be7 5.Bg2 O-O 6.O-O dxc4 7.Qc2 a6 8.Qxc4 b5
9.Qc2 Bb7 10.Bg5 Nbd7 11.Bxf6 Nxf6 12.Nbd2 Rc8 13.Nb3 c5 14.dxc5 Bd5 15.Ne1 Bxg2
16.Nxg2 Qc7 17.Rfd1 Bxc5 18.Nxc5 Qxc5 19.Qxc5 Rxc5 20.Rac1 Rxc1 21.Rxc1 Rd8
22.Nf4 Kf8 23.Nd3 Ke7 24.f4 Rd6 25.Rc8 Ne8 26.Kf2 f6 27.Ke3 Kd7 28.Rc1 Nc7
29.Nc5+ Kc8 30.Nd3 Kb7 31.g4 Rc6 32.Rxc6 Kxc6 33.Kd4 Kd6 34.h4 f5 35.g5 Nd5
36.h5 Nxf4 37.Nxf4 e5+ 38.Ke3 exf4+ 39.Kxf4 g6 40.e4 fxe4 41.hxg6 hxg6 42.Kxe4 b4
43.Kd4 Ke6 44.Kc4 Kf5 45.Kxb4 Kxg5 46.Ka5 Kh4 47.b4 g5 48.Kxa6 g4 49.b5 g3
50.b6 g2 51.b7 g1=Q 52.b8=Q Qf1+ 53.Ka5 Qf2 54.a4 Kh3 55.Qb3+ Kh2 56.Kb5 Qf5+
57.Kb4 Qf8+ 58.Kc3 Qf6+ 59.Kc2 Qd4 60.Kb1 Kg1 61.a5 Qe4+ 62.Ka2 Qe2+ 63.Ka3 Qe7+
64.Qb4 Qe3+ 65.Kb2 Qe5+ 66.Qc3 Qe2+ 67.Ka3 Qe7+ 68.Ka4 Qd7+ 69.Kb4 Qb7+ 70.Ka3 Qe7+
71.Ka2 Qe6+ 72.Ka1 Qd5 73.Kb2 Qb5+ 74.Ka3 Kh1 75.Qa1+  1-0

[Event "SWZ-chT"]
[Site "SWZ"]
[Date "1995.??.??"]
[Round "4"]
[White "Gheorghiu, Florin"]
[Black "Landenbergue, Claude"]
[Result "1/2-1/2"]
[WhiteElo "2475"]
[BlackElo "2420"]

1.d4 e6 2.g3 Nf6 3.Bg2 d5 4.Nf3 Be7 5.c4 dxc4 6.Qa4+ Bd7 7.Qxc4 Bc6 8.O-O O-O
9.Nc3 Nbd7 10.Bg5 Ne4 11.Bxe7 Qxe7 12.Rac1 Rfc8 13.Rfd1 Nxc3 14.Qxc3 Bd5
15.Qc2 Nf6 16.Ne5 Bxg2 17.Kxg2 c6 18.Qc5 Kf8 19.f3 Rd8 20.Qxe7+ Kxe7 21.e4 Nd7
22.Nd3 Rac8 23.Kf2 c5 24.dxc5 Nxc5 25.Nxc5 Rxd1 26.Rxd1 Rxc5  1/2-1/2

[Event "JUG-chT"]
[Site "Tivat"]
[Date "1995.??.??"]
[Round "3"]
[White "Horvath, Jozsef"]
[Black "Radonjanin, Vlastimir"]
[Result "1/2-1/2"]
[WhiteElo "2510"]
[BlackElo "2325"]

1.d4 e6 2.g3 d5 3.Bg2 Nf6 4.c4 Be7 5.Nf3 O-O 6.O-O c6 7.Qc2 Nbd7 8.b3 b6
9.Rd1 Bb7 10.Nc3 Rc8 11.e4 dxe4 12.Nxe4 Nxe4 13.Qxe4 Bd6 14.Bb2 Nf6 15.Qe2 Qe7
16.Ne5 Ba3 17.c5 Bxb2 18.Qxb2 Nd5 19.b4 bxc5 20.bxc5 Ba6 21.Re1 Qc7 22.Qd2 Rb8
23.Rab1 Rxb1 24.Rxb1 Rb8 25.Rxb8+ Qxb8 26.h4 Qb5 27.Kh2 f6 28.Ng4 Qb4 29.Qxb4 Nxb4
30.a3 Nc2 31.Bxc6 Nxd4  1/2-1/2

[Event "JUG-chT (Women)"]
[Site "Tivat"]
[Date "1995.??.??"]
[Round "3"]
[White "Strutinskaya, Galina N"]
[Black "Lazic, Marina"]
[Result "1-0"]
[WhiteElo "2330"]
[BlackElo "2180"]

1.c4 e6 2.d4 Nf6 3.g3 d5 4.Nf3 Be7 5.Bg2 O-O 6.O-O Nbd7 7.Qc2 c6 8.b3 b6
9.Bb2 Ba6 10.Nbd2 Rc8 11.Rac1 c5 12.Qb1 b5 13.cxd5 Nxd5 14.Rfd1 c4 15.e4 Nb4
16.Ne1 Nb6 17.Nf1 Qc7 18.Ne3 Rfd8 19.h4 Qb8 20.Qa1 Bf8 21.d5 exd5 22.a3 Nc6
23.exd5 Na5 24.Be5 Qa8 25.Qd4 Nc6 26.Qf4 Nxe5 27.Qxe5 Qb8 28.Qxb8 Rxb8 29.bxc4 Nxc4
30.Nxc4 bxc4 31.Bf1 Rb3 32.Nc2 Bc5 33.Kg2 Rb2 34.Kf3 Rd6 35.Ne3 Rf6+ 36.Ke4 Rbxf2
37.Bxc4 Bxa3 38.Bxa6 Rxa6 39.Rc8+ Bf8 40.d6 Ra4+ 41.Nc4 Re2+ 42.Kd3 Rxc4
43.Rxc4 Re6 44.d7  1-0

[Event "Tivat op"]
[Site "Tivat"]
[Date "1995.??.??"]
[Round "4"]
[White "Paunovic, Dragan"]
[Black "Maksimovic, Branimir"]
[Result "0-1"]
[WhiteElo "2455"]
[BlackElo "2380"]

1.d4 Nf6 2.Nf3 d5 3.c4 e6 4.g3 Be7 5.Bg2 O-O 6.Nc3 c6 7.O-O Nbd7 8.b3 b6
9.Bb2 Ba6 10.Nd2 b5 11.e4 bxc4 12.Re1 c5 13.exd5 cxd4 14.dxe6 dxc3 15.Bxc3 Nc5
16.exf7+ Rxf7 17.Bxa8 Qxa8 18.bxc4 Nfe4 19.Bd4 Nxd2 20.Qxd2 Ne4 21.Qa5 Ng5  0-1

[Event "JUG-chT"]
[Site "Tivat"]
[Date "1995.??.??"]
[Round "7"]
[White "Horvath, Jozsef"]
[Black "Ciric, Dragoljub M"]
[Result "1/2-1/2"]
[WhiteElo "2510"]
[BlackElo "2335"]

1.d4 Nf6 2.c4 e6 3.Nf3 d5 4.g3 Be7 5.Bg2 O-O 6.O-O c6 7.Qc2 Nbd7 8.b3 b6
9.Rd1 Bb7 10.Nc3 Rc8 11.e4 dxe4 12.Ng5 c5 13.dxc5 bxc5 14.Bb2 Qc7 15.Nb5 Qb6
16.Nxe4 Bxe4 17.Bxe4 a6 18.Nc3 Rfd8 19.Bg2 Nb8 20.Rxd8+ Rxd8 21.Rd1 h6 22.h3 Rxd1+
23.Qxd1 Nfd7 24.Qf3 Bf6 25.Na4 Qd6 26.Bxf6 Nxf6 27.Qa8 Nd7 28.Qe4 f5 29.Qe3  1/2-1/2

[Event "JUG-chT (Women)"]
[Site "Tivat"]
[Date "1995.??.??"]
[Round "11"]
[White "Manakova, Maria"]
[Black "Bojkovic, Natasa"]
[Result "0-1"]
[WhiteElo "2380"]
[BlackElo "2425"]

1.d4 d5 2.Nf3 Nf6 3.c4 e6 4.g3 Be7 5.Bg2 O-O 6.O-O dxc4 7.Qc2 a6 8.Nbd2 b5
9.Ng5 c6 10.b3 c3 11.Ndf3 h6 12.Nh3 b4 13.a3 a5 14.axb4 Bxb4 15.Rd1 Ba6 16.Ne5 Qe7
17.Nf4 Rd8 18.e3 Ra7 19.Nc4 Bb5 20.Bf1 c5 21.dxc5 Rxd1 22.Qxd1 Rd7 23.Qc2 Qxc5
24.Nd3 Qd5 25.Nxb4 axb4 26.Ra5 Nc6 27.Nb6 Qd1 28.Qxd1 Rxd1 29.Rxb5 Rxc1 30.Rc5 Ne7
31.Kg2 g6 32.Bd3 Rd1 33.Bb5  0-1

[Event "JUG-chT"]
[Site "Tivat"]
[Date "1995.??.??"]
[Round "11"]
[White "Abramovic, Bosko"]
[Black "Ciric, Dragoljub M"]
[Result "1-0"]
[WhiteElo "2480"]
[BlackElo "2335"]

1.d4 d5 2.Nf3 e6 3.c4 Nf6 4.g3 Be7 5.Bg2 O-O 6.O-O c6 7.Qc2 Nbd7 8.b3 b6
9.Rd1 Bb7 10.Nc3 Rc8 11.e4 dxe4 12.Nxe4 c5 13.Nxf6+ Bxf6 14.Ng5 Bxg5 15.Bxb7 Rc7
16.dxc5 Bxc1 17.Raxc1 Rxb7 18.c6 Rc7 19.cxd7 Qe7 20.b4 Rxd7 21.Rxd7 Qxd7
22.c5 bxc5 23.bxc5 Qc6 24.Qc3 Rc8 25.Qa5 Rc7 26.a4 a6 27.Rd1 h6 28.Rc1 Kh7
29.Qb4 Rb7 30.Qc4 a5 31.Qd3+ f5 32.Qd6 Qxd6 33.cxd6 Rd7 34.Rc6 Kg6 35.Ra6 Kf6
36.f4 g6 37.Kf2 e5 38.fxe5+ Kxe5 39.Rxa5+ Kxd6 40.Ra6+ Ke5 41.Ke3 g5 42.Ra5+ Ke6
43.Rb5 h5 44.Rb1 Rc7 45.Ra1 Ke5 46.a5 f4+ 47.gxf4+ gxf4+ 48.Kf3 Rc3+ 49.Kf2 Rc2+
50.Kg1 f3 51.a6 Rg2+ 52.Kf1 Rxh2 53.Ra4  1-0

[Event "Toronto op"]
[Site "Toronto"]
[Date "1995.??.??"]
[Round "6"]
[White "Taylor, Gordon"]
[Black "Rozentalis, Eduardas"]
[Result "1/2-1/2"]
[WhiteElo "2320"]
[BlackElo "2600"]

1.d4 Nf6 2.c4 e6 3.g3 d5 4.Bg2 Be7 5.Nf3 O-O 6.O-O dxc4 7.Qc2 a6 8.a4 Bd7
9.Qxc4 Bc6 10.Bg5 a5 11.Nc3 Na6 12.Bxf6 Bxf6 13.e4 Nb4 14.Rad1 b6 15.d5 exd5
16.exd5 Bb7 17.Nd4 Bxd4 18.Rxd4 Ba6 19.Nb5 Qd7 20.Rc1 Rac8 21.Bf3 Kh8 22.Re1 Rcd8
23.Rc1 Qf5 24.Kg2 Qf6 25.Rcd1 Bxb5 26.axb5 Qd6 27.Re1 Rfe8 28.Rde4 Rxe4 29.Qxe4 g6
30.h4 h5 31.Qd4+ Kg8 32.Qe4 Kg7 33.Qe2 Qf6 34.Qc4 Rd7 35.Re2 Re7 36.Rxe7 Qxe7
37.Qc3+ Kg8 38.Qd2 Qe5 39.Kh2 Kf8 40.Kg2 Ke7 41.Kh2 Kd6 42.Bg2 Qf5 43.Qd4 Nd3
44.Qh8 Ke7 45.Qc3 Nc5 46.Qe3+ Kd6 47.Qe8 Qd7 48.Qf8+ Qe7 49.Qa8 Qd7 50.Qf8+ Qe7  1/2-1/2

[Event "SVK-ch"]
[Site "Trencin"]
[Date "1995.??.??"]
[Round "8"]
[White "Tibensky, Robert"]
[Black "Gavrilov, Alexei"]
[Result "1/2-1/2"]
[WhiteElo "2415"]
[BlackElo "2405"]

1.d4 d5 2.c4 e6 3.Nf3 Nf6 4.g3 Be7 5.Bg2 O-O 6.O-O dxc4 7.Qc2 a6 8.a4 Bd7
9.Ne5 Bc6 10.Nxc6 Nxc6 11.Bxc6 bxc6 12.Rd1 Qd5 13.Na3 c5 14.dxc5 Qxc5 15.Be3 Qh5
16.f3 Nd5 17.Bf2 c3 18.bxc3 Bf6 19.Nb1 Rfd8 20.Ra2 Qh6 21.Rd3 Bg5 22.e4 Ne3
23.Bxe3 Bxe3+ 24.Kg2 Ba7 25.Nd2 Qg5 26.f4 Qc5 27.Nf3 Qc4 28.Rxd8+ Rxd8 29.Ne5 Qc5
30.Ra1 f6 31.Nf3 Kf7 32.Rd1 Rxd1 33.Qxd1 Qf2+ 34.Kh3 Ke7 35.Nd4 Bxd4  1/2-1/2

[Event "Val Thorens op"]
[Site "Val Thorens"]
[Date "1995.??.??"]
[Round "?"]
[White "Moncelli, Giorgio"]
[Black "Usachyi, Vladimir"]
[Result "0-1"]
[WhiteElo "2015"]
[BlackElo "2290"]

1.d4 Nf6 2.Nf3 e6 3.c4 d5 4.g3 Be7 5.Bg2 O-O 6.O-O dxc4 7.Qc2 a6 8.Qxc4 b5
9.Qc2 Bb7 10.Bf4 Nd5 11.Bd2 Nd7 12.Nc3 Nb4 13.Qb3 Nb6 14.Rfd1 Nc4 15.Bf4 Na5
16.Qa3 Nc4 17.Qb3 Na5 18.Qa3 Nbc6 19.b4 Bxb4 20.Qb2 Qe7 21.Ne4 Nc4 22.Qc2 h6
23.g4 Bd6 24.Qc1 Ba3 25.Qc2 Nb4 26.Qb1 Nd5 27.Bc1 f5 28.gxf5 exf5 29.Ned2 Nc3
30.Qb3 Nxe2+ 31.Kf1 Nxc1 32.Re1 Nxb3  0-1

[Event "Val Thorens op"]
[Site "Val Thorens"]
[Date "1995.??.??"]
[Round "?"]
[White "Horvath, Csaba"]
[Black "Lacrosse, Marc"]
[Result "1-0"]
[WhiteElo "2530"]
[BlackElo "2275"]

1.d4 d5 2.c4 e6 3.Nf3 Nf6 4.g3 Be7 5.Bg2 O-O 6.O-O dxc4 7.Qc2 a6 8.a4 Bd7
9.Qxc4 Bc6 10.Bg5 a5 11.Nc3 Bxf3 12.Bxf3 c6 13.Qb3 Qd7 14.Rad1 Na6 15.e4 Nb4
16.Bg2 h6 17.Bxf6 Bxf6 18.d5 cxd5 19.exd5 exd5 20.Nxd5 Nxd5 21.Rxd5 Qe6 22.Qxb7 Rfb8
23.Rxa5 Rxb7 24.Rxa8+ Kh7 25.Bxb7 Bxb2 26.a5 Bd4 27.a6 Qe7 28.Kg2 h5 29.h4 g6
30.Bf3 Qa3 31.Rd1  1-0

[Event "Verona op"]
[Site "Verona"]
[Date "1995.??.??"]
[Round "?"]
[White "Pietralunga, Nicola"]
[Black "Everet, Alexandor"]
[Result "1-0"]
[WhiteElo "2045"]
[BlackElo "2105"]

1.d4 d5 2.c4 e6 3.Nf3 Nf6 4.g3 Be7 5.Bg2 Nbd7 6.O-O c6 7.Nc3 h6 8.Qd3 a6
9.e4 O-O 10.cxd5 cxd5 11.exd5 Nxd5 12.Nxd5 exd5 13.Bf4 Nf6 14.Rac1 Be6 15.Bc7 Qe8
16.Bb6 Bd6 17.Nd2 Qd7 18.Nb3 Bf5 19.Qd1 Rfe8 20.Re1 Rxe1+ 21.Qxe1 Re8 22.Qc3 Bh3
23.Nc5 Bxc5 24.Bxc5 Bxg2 25.Kxg2 Ne4 26.Qd3 Ng5 27.Bb4 Qh3+ 28.Kg1 Re4 29.Re1 f5
30.Qb3 Kh7 31.f4 Rxe1+ 32.Bxe1 Ne4 33.Qxb7 Qg4 34.Qxd5 h5 35.Qe5 h4 36.d5 h3
37.d6 Nf6 38.Qe6 Kg6 39.Qe3 Qd1 40.d7 Qxd7 41.Bc3 Qd5 42.Qd2 Qxa2 43.Bxf6 Qb1+
44.Kf2 gxf6 45.Qe2 Qe4 46.Qxe4 fxe4 47.g4 f5 48.g5 a5 49.Kg3 e3 50.Kf3 e2
51.Kxe2 a4 52.Kf3 Kh5 53.Kg3 Kg6 54.Kxh3 Kh5 55.Kg3 Kg6 56.Kf3 Kh5 57.Ke3 Kg6
58.Kd4 Kh5 59.Ke5 Kg6 60.Ke6 Kh5 61.Kxf5 Kh4 62.g6 Kh3 63.g7 Kg2 64.g8=Q+ Kf2
65.Ke4 a3 66.bxa3 Kf1 67.Ke3  1-0

[Event "Vienna op"]
[Site "Vienna"]
[Date "1995.??.??"]
[Round "6"]
[White "Wojtkiewicz, Aleksander"]
[Black "Polak, Tomas"]
[Result "1/2-1/2"]
[WhiteElo "2505"]
[BlackElo "2450"]

1.Nf3 d5 2.d4 Nf6 3.c4 e6 4.g3 Be7 5.Bg2 O-O 6.Qc2 c6 7.O-O Nbd7 8.b3 b6
9.Bb2 Bb7 10.Nbd2 Rc8 11.e4 Qc7 12.Rfe1 Rfd8 13.Rad1 h6 14.a3 a5 15.h3 Qb8
16.Nh2 Qa8 17.Qb1 dxe4 18.Nxe4 Nxe4 19.Qxe4 Nf6 20.Qe2 Re8 21.Rd3 c5 22.Bxb7 Qxb7
23.d5 exd5 24.Re3 Bf8 25.Bxf6 Rxe3 26.Qxe3 d4 27.Qf4 gxf6 28.Qxf6 Qc6 29.Qxc6 Rxc6
30.a4 h5 31.Nf3 f6 32.Re8 Rd6 33.Kf1 Kf7 34.Re4 Bh6 35.Ke2 d3+ 36.Kd1 d2
37.Nh4 Bg5 38.Nf5 Re6 39.f3 Rxe4 40.fxe4 Ke6 41.h4 Ke5 42.hxg5 fxg5 43.Kxd2 Kxe4
44.Ng7 h4 45.Ke2 h3 46.Kf2 Kd3 47.Ne6 g4 48.Nf4+ Kc3 49.Nd5+ Kxb3 50.Nxb6 Kb4
51.Kg1 Kb3 52.Kh1 Kb4 53.Kg1 Kb3 54.Kh1 Kb4 55.Kh2 Kb3  1/2-1/2

[Event "CUB-ch sf"]
[Site "Villa Clara"]
[Date "1995.??.??"]
[Round "5"]
[White "Pecorelli Garcia, Humberto"]
[Black "Sieiro Gonzalez, Luis"]
[Result "1-0"]
[WhiteElo "2400"]
[BlackElo "2380"]

1.d4 d5 2.c4 e6 3.Nf3 Nf6 4.g3 Be7 5.Bg2 O-O 6.O-O dxc4 7.Qc2 a6 8.Qxc4 b5
9.Qc2 Bb7 10.Bg5 Nbd7 11.Nbd2 Rc8 12.Bxf6 Nxf6 13.Nb3 c5 14.dxc5 a5 15.a4 Be4
16.Qc3 b4 17.Qe3 Qc7 18.Rfc1 Bd5 19.Nfd4 Rfd8 20.Bxd5 Nxd5 21.Qf3 Bf6 22.Rc2 Bxd4
23.Nxd4 b3 24.Qxb3 Nb4 25.Rc4 Qe5 26.Qc3 Nd5 27.Qc1 Nb4 28.Qc3 Nd5 29.Qb3 Nb4
30.Rd1 Qd5 31.Rdc1 e5 32.Nf5 Qe6 33.Rxb4 Qxf5 34.Rb7 h5 35.Qf3 Qg6 36.h4 e4
37.Qf4 Rd5 38.c6 Qe6 39.Rb8  1-0

[Event "POL-ch"]
[Site "Warsaw"]
[Date "1995.??.??"]
[Round "5"]
[White "Wojtkiewicz, Aleksander"]
[Black "Weglarz, Leszek"]
[Result "1/2-1/2"]
[WhiteElo "2530"]
[BlackElo "2365"]

1.Nf3 d5 2.d4 Nf6 3.c4 e6 4.g3 Be7 5.Bg2 O-O 6.Qc2 Na6 7.a3 c5 8.cxd5 cxd4
9.Nxd4 Nxd5 10.O-O Bd7 11.e4 Rc8 12.Qe2 Nb6 13.Nc3 Na4 14.Ndb5 Nxc3 15.Nxc3 Nc5
16.Be3 Qe8 17.Rac1 a6 18.e5 Bc6 19.Bxc5  1/2-1/2

[Event "Wattens op"]
[Site "Wattens"]
[Date "1995.??.??"]
[Round "?"]
[White "Netolitzky, Gregor"]
[Black "Pescoller, Peter"]
[Result "1/2-1/2"]
[WhiteElo "2235"]
[BlackElo "1800"]

1.d4 d5 2.Nf3 Nf6 3.c4 e6 4.g3 Be7 5.Bg2 O-O 6.O-O b6 7.Nc3 Bb7 8.Ne5 Nbd7
9.cxd5 Nxd5 10.Nxd5 exd5 11.Qb3 Nxe5 12.dxe5  1/2-1/2

[Event "Werfen op"]
[Site "Werfen"]
[Date "1995.??.??"]
[Round "2"]
[White "Wichmann, Cliff"]
[Black "Staller, Peter"]
[Result "1/2-1/2"]
[WhiteElo "2205"]
[BlackElo "2375"]

1.d4 Nf6 2.c4 e6 3.g3 d5 4.Nf3 Be7 5.Bg2 O-O 6.O-O b6 7.cxd5 exd5 8.Nc3 Bb7
9.Qc2 Na6 10.Rd1 Re8 11.a3 Bf8 12.Bf4 c6 13.Nd2 Nh5 14.Be3 g6 15.Nf1 f5 16.Qd2 Nc7
17.Bf3 Nf6 18.Bg5 Ne6 19.Bxf6 Qxf6 20.b4 Bg7 21.e3 Ng5 22.Bg2 Ne4 23.Nxe4 fxe4
24.Ra2 Ba6 25.Qe1 Bc4 26.Raa1 Rf8 27.Nd2 Bd3 28.Nb1 Qe6 29.Nc3 Rad8 30.Rac1 Rd7
31.Rd2 g5 32.h3 Rf6 33.Nd1 Bf8 34.Nb2 Ba6 35.Rdc2 Bb7 36.a4 Rdf7 37.Nd1 h5
38.b5 cxb5 39.axb5 Bd6 40.Ra2 Bb8 41.Qb4 h4 42.g4 Qd7 43.Rac2 Bd6 44.Qb3 Rf8
45.Bxe4 Bb8 46.Rc6 Bxc6 47.bxc6 Qc7 48.Qxd5+ Kh8 49.Bg2 Rg8 50.Kf1 Qe7 51.Ke2  1/2-1/2

[Event "Werfen op"]
[Site "Werfen"]
[Date "1995.??.??"]
[Round "3"]
[White "Rockenschaub, Manfred"]
[Black "Parker, Jonathan"]
[Result "0-1"]
[WhiteElo "2220"]
[BlackElo "2415"]

1.d4 Nf6 2.c4 e6 3.g3 d5 4.Bg2 Be7 5.Nf3 O-O 6.O-O dxc4 7.Qa4 a6 8.Qxc4 b5
9.Qc2 Bb7 10.Rd1 Be4 11.Qb3 Nc6 12.Nbd2 Na5 13.Qc3 b4 14.Qe3 Bc2 15.Re1 Nd5
16.Qe5 Bf5 17.e4 Bf6 18.Qxf5 exf5 19.exd5 Rc8 20.Ne5 c5 21.dxc5 Rxc5 22.Nd3 Rxd5
23.Bxd5 Qxd5 24.Nxb4 Qd6 25.Nc2 g6 26.Ne3 h5 27.h4 Nc6 28.Nec4 Qd4 29.Rb1 Nb4
30.b3 Nd3 31.Rf1 f4 32.Nf3 Qe4 33.Ncd2 Qd5 34.Kg2 Re8 35.Ba3 Re2 36.Nc4 fxg3  0-1

[Event "Hoogovens rapid"]
[Site "Wijk aan Zee"]
[Date "1995.??.??"]
[Round "?"]
[White "Khalifman, Alexander"]
[Black "Almasi, Zoltan"]
[Result "1-0"]
[WhiteElo "2645"]
[BlackElo "2620"]

1.d4 Nf6 2.c4 e6 3.g3 d5 4.Bg2 Be7 5.Nf3 O-O 6.O-O c6 7.Nc3 Nbd7 8.b3 b6
9.Nd2 Bb7 10.e4 dxe4 11.Ndxe4 Nxe4 12.Nxe4 Nf6 13.Bf4 Qd7 14.c5 Nxe4 15.Bxe4 Rfd8
16.Qc2 Qxd4 17.Be3 Qe5 18.cxb6 axb6 19.Bxb6 Rdc8 20.Bxh7+ Kh8 21.Be4 Qb5
22.Bd4 c5 23.Bc3 Bf8 24.Rfd1 Kg8 25.Rd2 c4 26.Rb1 Bxe4 27.Qxe4 cxb3 28.Rxb3 Qg5
29.h4 Qh5 30.Kg2 Rd8 31.a4 Rac8 32.Rb5 Qh6 33.Rxd8 Rxd8 34.a5 Qc1 35.Rh5  1-0

[Event "Hoogovens rapid"]
[Site "Wijk aan Zee"]
[Date "1995.??.??"]
[Round "3.3"]
[White "Khalifman, Alexander"]
[Black "Lutz, Christopher"]
[Result "1/2-1/2"]
[WhiteElo "2645"]
[BlackElo "2580"]

1.d4 Nf6 2.c4 e6 3.g3 d5 4.Bg2 Be7 5.Nf3 O-O 6.O-O dxc4 7.Qc2 a6 8.Qxc4 b5
9.Qc2 Bb7 10.Bf4 Nc6 11.Nc3 Nb4 12.Qc1 Rc8 13.Rd1 Nbd5 14.Nxd5 Bxd5 15.Be3 c6
16.Ne1 Qb6 17.Nd3 Bxg2 18.Kxg2 Nd5 19.f3 c5 20.dxc5 Nxe3+ 21.Qxe3 Bxc5 22.Nxc5 Qxc5
23.Qxc5 Rxc5 24.Rac1 Rcc8 25.b4 g6 26.Kf2 Kg7 27.a3 a5 28.Ke3 Kf6 29.Rxc8 Rxc8
30.bxa5 Ra8 31.Rd3 e5 32.Rd6+ Ke7 33.Rd5 Rxa5 34.a4  1/2-1/2